000 00339nam a2200133Ia 4500
008 231129s9999||||xx |||||||||||||| ||spa||
020 _a84-7530-402-8
040 _bspa
082 _a194 T264f
100 _aTeilhard de Chardin
245 0 _aEl fenomeno humano
264 _aOrbis
942 _2ddc
_cBKS
999 _c11081
_d11081